000 00671nam a2200205Ia 4500
003 GCL
008 140319s9999 xx 000 0 ara d
040 _aGCL /
_cGCL
082 0 4 _a001.6424
_bس م
100 1 _aسامى كاظم حسن الرماحى
245 1 0 _aاصول البرمجة: الف باء البيسيك ABC Basic /
_cسامى كاظم حسن الرماحى
260 _a[S.N] :
_bدار الراتب الجامعية
300 _a322 ص
490 _a
650 0 4 _aالحاسبات الالكترونية
650 0 4 _aباسيك
650 0 4 _aالبرامج
650 0 4 _aالحاسبات الالكترونية- لغات
942 _2ddc
_cBK
999 _c49187
_d49187